书目信息 |
| 题名: |
快递中国
|
|
| 作者: | 王二冬 著 | |
| 分册: | ||
| 出版信息: | 北京 中国言实出版社 2022 |
|
| 页数: | 204页 | |
| 开本: | 21cm | |
| 丛书名: | 新时代诗库 | |
| 单 册: | ||
| 中图分类: | I227 | |
| 科图分类: | ||
| 主题词: | 诗歌--作品集--中国--当代 | |
| 电子资源: | ||
| ISBN: | 978-7-5171-4270-6 | |
| 000 | 00684nam0 2200253 450 | |
| 001 | 011953894 | |
| 005 | 20240904061540.5 | |
| 010 | @a978-7-5171-4270-6@b精装@dCNY58.00 | |
| 100 | @a20220909d2022 em y0chiy0120 ea | |
| 101 | 0 | @achi |
| 102 | @aCN@b110000 | |
| 105 | @aa z 000gy | |
| 106 | @ar | |
| 200 | 1 | @a快递中国@9kuai di zhong guo@f王二冬著 |
| 210 | @a北京@c中国言实出版社@d2022 | |
| 215 | @a204页@c照片@d21cm | |
| 225 | 1 | @a新时代诗库@f李少君主编 |
| 461 | 0 | @12001 @a新时代诗库 |
| 586 | @a | |
| 606 | 0 | @a诗歌@x作品集@y中国@z当代 |
| 690 | @aI227@v5 | |
| 701 | 0 | @a王二冬@9wang er dong@4著 |
| 801 | 0 | @aCN@c20240904 |
| 905 | @dI227@eL252-2:3@f1@sI227/L252-2:3@S@Z | |
| 快递中国/王二冬著.-北京:中国言实出版社,2022 |
| 204页:照片;21cm.-(新时代诗库/李少君主编) |
| ISBN 978-7-5171-4270-6(精装):CNY58.00 |
| ● |
| 相关链接 |
|
|
|
正题名:快递中国
索取号:I227/L252-2:3
 
预约/预借
| 序号 | 登录号 | 条形码 | 馆藏地/架位号 | 状态 | 备注 |
| 1 | 21613513 | 216135135 | 文学库108/108文学库 18排6列3层/ [索取号:I227/L252-2:3] | 在馆 |